Pozycja Topical Term
Liczba rekordów, w których użyto hasła: 1
001 - Numer kontrolny
- control field: 37849
003 - Identyfikator numeru kontrolnego
- control field: NUKAT
005 - Data i czas ostatniej modyfikacji
- control field: 20260311100805.0
008 - Dane kontrolne kodowane (40 znaków)
- fixed length control field: 050120n||azznnbabn |a ana |
010 ## - Numer kontrolny Biblioteki Kongresu
- numer kontrolny LC: px2004303763
035 ## - Numer systemowy
- numer systemowy: a10038309
035 ## - Numer systemowy
- numer systemowy: (PL)a0000001003830
040 ## - Instytucja sporządzająca rekord
- inst. przygot. dane do rek. khw: WA N
- język haseł przedmiotowych/tezaurus: DBN
- inst. wprow. rek. khw: WA N
150 ## - Hasło - nazwa pospolita
- nazwa posp. lub nazwa geogr. na pocz.: Literatury słowiańskie
455 ## - Trop zob. - nazwa rodzaju/formy
- nazwa rodzaju/formy: Slavic literature
550 ## - Trop zob. też - nazwa pospolita
- nazwa posp. lub nazwa geogr. na pocz.: Pisarze słowiańscy
550 ## - Trop zob. też - nazwa pospolita
- nazwa posp. lub nazwa geogr. na pocz.: Przekłady słowiańskie
550 ## - Trop zob. też - nazwa pospolita
- nazwa posp. lub nazwa geogr. na pocz.: Slavia orthodoxa
550 ## - Trop zob. też - nazwa pospolita
- nazwa posp. lub nazwa geogr. na pocz.: Slawistyka
550 ## - Trop zob. też - nazwa pospolita
- nazwa posp. lub nazwa geogr. na pocz.: Slawiści
550 ## - Trop zob. też - nazwa pospolita
- nazwa posp. lub nazwa geogr. na pocz.: Słowianie
555 ## - Trop zob. też - nazwa rodz. lub formalna
- podpole kontrolne: g
- nazwa rodzajowa/formalna: Literatury europejskie
555 ## - Trop zob. też - nazwa rodz. lub formalna
- podpole kontrolne: h
- nazwa rodzajowa/formalna: Literatury południowosłowiańskie
555 ## - Trop zob. też - nazwa rodz. lub formalna
- podpole kontrolne: h
- nazwa rodzajowa/formalna: Literatury wschodniosłowiańskie
555 ## - Trop zob. też - nazwa rodz. lub formalna
- podpole kontrolne: h
- nazwa rodzajowa/formalna: Literatury zachodniosłowiańskie
682 ## - Informacja o usuniętym haśle
- tekst wyjaśniający: zatwierdzone